|
|
|
|
| LEADER |
00000nam a2200000 4500 |
| 001 |
vtls011912888 |
| 003 |
SK-MaSNL |
| 005 |
20260301102421.0 |
| 008 |
200123s2019 xo e n 000 0 slo |
| 015 |
|
|
|a SKSNBA2020/10
|
| 020 |
|
|
|a 9788089902149
|q (hrebeňová väzba)
|
| 040 |
|
|
|a SNK
|b slo
|c SNK
|e rda
|
| 041 |
0 |
|
|a slo
|
| 044 |
|
|
|a xo
|c SK
|
| 072 |
|
7 |
|a 159.92
|x Vývinová psychológia. Psychológia osobnosti
|2 konspekt
|
| 072 |
|
7 |
|a 37
|x Výchova a vzdelávanie
|2 konspekt
|
| 080 |
|
|
|a 159.923.5
|2 2011
|
| 080 |
|
|
|a (075)
|2 2011
|
| 080 |
|
|
|a 159.923
|2 2011
|
| 080 |
|
|
|a 37.01:159.942
|2 2011
|
| 080 |
|
|
|a 316.42
|2 2011
|
| 080 |
|
|
|a 37.015.3
|2 2011
|
| 100 |
1 |
|
|a Valihorová, Marta,
|d 1951-
|4 aut
|9 40319
|
| 245 |
1 |
0 |
|a Emocionálny a sociálny rozvoj osobnosti
|n (1. časť
|p Psychologické aspekty výchovy)
|c Marta Valihorová, Janka Pilková
|
| 246 |
3 |
0 |
|a Psychologické aspekty výchovy
|
| 250 |
|
|
|a Vydanie druhé
|
| 264 |
|
1 |
|a Žilina
|b IPV Inštitút priemyselnej výchovy
|c 2019
|
| 300 |
|
|
|a 169 strán
|b tabuľky
|c 22 cm
|
| 336 |
|
|
|a text
|b txt
|2 rdacontent
|
| 337 |
|
|
|a bez média
|b n
|2 rdamedia
|
| 338 |
|
|
|a zväzok
|b nc
|2 rdacarrier
|
| 366 |
|
|
|e 150 kusov
|
| 504 |
|
|
|a Bibliografia na strane 158-169
|
| 650 |
0 |
7 |
|a rozvoj osobnosti
|2 SNKPH
|9 63298
|
| 650 |
0 |
7 |
|a Personality development
|2 SNKPHeng
|9 275896
|
| 650 |
0 |
7 |
|a psychológia osobnosti
|2 SNKPH
|9 3576
|
| 650 |
0 |
7 |
|a Psychology of personality
|2 SNKPHeng
|9 317296
|
| 650 |
0 |
7 |
|a emocionálna výchova
|2 SNKPH
|9 71709
|
| 650 |
0 |
7 |
|a Emotional education
|2 SNKPHeng
|9 310958
|
| 650 |
0 |
7 |
|a sociálny rozvoj
|2 SNKPH
|9 67413
|
| 650 |
0 |
7 |
|a Social development
|2 SNKPHeng
|9 265994
|
| 650 |
0 |
7 |
|a pedagogická psychológia
|2 SNKPH
|9 58135
|
| 650 |
0 |
7 |
|a Educational psychology
|2 SNKPHeng
|9 286543
|
| 655 |
|
7 |
|a učebné texty
|2 SNKPH
|9 70568
|
| 655 |
|
7 |
|a Educational texts
|2 SNKPHeng
|9 277375
|
| 700 |
1 |
|
|a Pilková, Janka
|4 aut
|9 438144
|
| 919 |
|
|
|a 978-80-89902-14-9
|
| 958 |
|
|
|a NB
|
| 999 |
|
|
|c 692124
|d 694054
|
| 952 |
|
|
|a SNK
|b SNK
|y NEVYP
|7 1
|p 17A1414380
|o snkSC 187561/1
|i snk2020/1483
|8 0
|0 0
|1 0
|4 0
|d 2020-01-23
|l 0
|r 2026-02-23 20:30:52
|w 2026-02-23
|
| 952 |
|
|
|a SNK
|b SNK
|y PREZ
|7 0
|p 17A1414381
|o snkSC 187561/1 D1
|i snk2020/1484
|8 0
|0 0
|1 0
|4 0
|d 2020-01-23
|l 0
|r 2026-02-23 20:30:52
|w 2026-02-23
|